1080 1628 1830 1467 1871 1602 1254 1159 1443 1321 1408 1642 1109 1328 1470 1307 1319 1210 1208 1826 1417 1511 1447 1761 1656 1220 1326 1622 1004 1830 1477 1025 1072 1946 1914 1359 1198 1002 1539 1535 1847 1258 1617 1608 1830 1096 1575 1102 1358 1927 1819 1602 1155 1662 1369 1890 1952 1388 1028 1189 1434 1165 1408 1656 1315 1037 1870 1149 1245 1720 1008 1829 1759 1528 1212 1646 1004 1656 1078 1179 1896 1527 1858 1790 1488 1717 1120 1456 1762 1667 1702 1622 1124 1118 1590 1597 1515 1251 1800 BCNSPRNW ULIB Ver.6.0+V

เปลี่ยนเป็นภาษาไทย

Change to English
 แสดงรายละเอียดบรรณานุกรม
  กลับหน้าหลัก

Brief Record : Get Marc (ISO 2709) : E-mail record : QR code < ปิดหน้าต่าง
LEADER : 00000nam 2200000uu 4500
001    13399114978
003     ULIB
008    120626s2550||||th 000 0 tha d
020    ^a9789741108824
060 04 ^aWY106^bพ991ก 2550
100 0  ^aไพเราะ ผ่องโชค
245 10 ^aการพยาบาลอนามัยชุมชน /^cโดย ไพเราะ ผ่องโชค, สมบูรณ์จัยวัฒน์, เฉลิมศรี นันทวรรณ
250    ^aพิมพ์ครั้งที่ 2
260    ^a[กรุงเทพฯ] :^bภาควิชาพยาบาลศาสตร์คณะแพทยศาสตร์โรงพยาบาลรามาธิบดี,^c2550
300    ^a[จ], 380 หน้า :^bภาพประกอบ ;^c30 ซม.
650  7 ^aการพยาบาลสาธารณสุข
650  7 ^aอนามัยชุมชน, การพยาบาล
700 0  ^aสมบูรณ์ จัยวัฒน์
700 0  ^aเฉลิมศรี นันทวรรณ
710 2  ^aมหาวิทยาลัยมหิดล. ^bคณะแพทยศาสตร์โรงพยาบาลรามาธิบดี.^bภาควิชาพยาบาลศาสตร์
945    ^p275^l0^i15515
945    ^p275^l0^i15513
945    ^p275^l0^i15514
945    ^p275^l0^i16048
995    ^aกัณชพร
999    ^aใช้งานได้ทุกระบบ
รายการนี้ยังไม่มีแท็ก
คุณยังไม่ได้ล็อกอิน คุณสามารถมีกิจกรรมร่วมกับเว็บไซต์ได้ แต่ต้องล็อกอินก่อน ::
  ล็อกอิน

รายการสื่อสารสนเทศ

ลำดับที่ ประเภท เลขเรียก/บาร์โค้ด สถานที่ สถานะ
1. วิทยาศาสตร์การแพทย์ และสุขภาพ
วิทยาศาสตร์การแพทย์ และสุขภาพ
WY106 พ991ก 2550  
  Barcode: 15515
ห้องสมุดวิทยาเขตสวรรค์ประชารักษ์
►ส่วนจัดเก็บหนังสือเก่า สปร
บนชั้น
  ขอยืม
2. วิทยาศาสตร์การแพทย์ และสุขภาพ
วิทยาศาสตร์การแพทย์ และสุขภาพ
WY106 พ991ก 2550 ฉ.3 
  Barcode: 15514
ห้องสมุดวิทยาเขตสวรรค์ประชารักษ์
►ส่วนจัดเก็บหนังสือเก่า สปร
บนชั้น
  ขอยืม
3. วิทยาศาสตร์การแพทย์ และสุขภาพ
วิทยาศาสตร์การแพทย์ และสุขภาพ
WY106 พ991ก 2550 ฉ.4 
  Barcode: 16048
ห้องสมุดวิทยาเขตสวรรค์ประชารักษ์
►ส่วนจัดเก็บหนังสือเก่า สปร
บนชั้น
  ขอยืม

รายการใกล้เคียง
    หัวเรื่อง [การพยาบาลสาธารณสุข]
    หัวเรื่อง [อนามัยชุมชน, การพยาบาล]

BibComment


ยังไม่เคยถูกคอมเมนท์

คอมเมนท์ทรัพยากรรายการนี้
  คอมเมนท์: การพยาบาลอนามัยช..


 Copyright 2026. Bcnsprnw @Library